000 00548nam a2200205Ia 4500
005 20250508162647.0
008 008 250505s9999 xx 000 0 eng d
037 _aTextual
040 _aFEDL
_beng
_cFEDL
041 _aeng
_2eng
084 _a330, MEI
_qFEDL
100 _aMeier Gerald M.
245 0 _aLeading issues in economic development
250 _a4th
260 _aDelhi, India
_bOxford University Press
_c1984
300 _ax,768p.
650 _aEconomics
942 _cTEXL
_h330, MEI
999 _c1377900
_d1377900